| 000 | 00354 a2200157 4500 | ||
|---|---|---|---|
| 001 | 186859 | ||
| 020 | _a978-85-10-04798-2 | ||
| 040 | _cMagnum | ||
| 100 | _aLeitão, Mércia Maria | ||
| 240 | 1 | 0 |
_aPicasso e o macaco Zezé _lpor |
| 245 | 1 | 0 | _aPicasso e o macaco Zezé |
| 300 | _a31 | ||
| 362 | 0 | _a2010 | |
| 697 | _aLITERATURA INFANTIL | ||
| 942 | _cBK | ||
| 999 |
_c186859 _d186859 |
||